000 00692nam a2200253Ia 4500
001 28270
005 20240114001040.0
007 ta
008 060606s1977 g b000 u 465 u
040 _aCotton College,Assam
041 _a465
082 _a311
_bD 295 L
100 _aDavis, M.H.A. .
245 0 _aLinear Estimation and Stochastic Control /
_cM.H.A. Davis.
_hTextual Documents
250 _a1st ed. /
260 _aLondon :
_bChapman & Hall ,
_c1977.
300 _a224p. ;
_c22cm.
653 _aStatistics-Linear Estimation
653 _aStatistics-Stochastic Control
653 _aG-Statistics
942 _2ddc
_cBK
999 _c28252
_d28252